000 00474nam a2200157 i 4500
001 75321
003 ES-MaACL
005 20230906172416.0
007 t|
008 040923s1926 sp ||||1| spa d
100 1 _aGregorio García-Serrano, Eduardo de.
_959905
245 1 4 _aUna epidemia de tricoficia /
_cEduardo de Gregorio García-Serrano.
260 _aMadrid :
_b[s.n.],
_c1926 (
_fTalleres Poligráficos)
300 _a52 p. ;
_c22 cm.
852 _aES-MaACL
_j1704-F-27
999 _c75321
_d75321